Farewell the ivory tower; universities in transition

Saved in:
Bibliographic Details
Main Author: Corry, J. A. (James Alexander), 1899-
Format: Book
Language:English
Published: Montreal McGill-Queen's University Press, 1970.
Subjects:
LEADER 01075nam a2200313 a 4500
001 c000332837
003 CARM
005 20001008205900.0
008 791003s1970 quc 000 0 eng
010 |a 70124985 //r96 
015 |a C*** 
019 1 |a 1402617  |z 3513199  |z 3561051  |5 LACONCORD2021 
020 |a 0773500766 :  |c 7.50 
020 |a 0773500766 
035 |a (OCoLC)322639  |5 LACONCORD2021 
040 |a LC  |b eng  |c LC  |d LC 
043 |a n-cn--- 
050 4 |a LA412  |b .C74 
050 0 0 |a LA412  |b .C74 
082 0 0 |a 378.71 
082 0 4 |a 378.71 
100 1 |a Corry, J. A.  |q (James Alexander),  |d 1899- 
245 1 0 |a Farewell the ivory tower;  |b universities in transition  |c [by] J.A. Corry. 
260 |a Montreal  |b McGill-Queen's University Press,  |c 1970. 
300 |a xv, 121 p.  |c 24 cm. 
650 0 |a Universities and colleges  |z Canada. 
852 8 |b CARM  |h A1:AP25A0  |i B07813  |p 0349767  |f BK 
999 f f |i 4aea15ed-677a-5f9e-8b71-273b45098e1b  |s 9d8d8834-a5d6-51c2-8a96-98d319398bd5 
952 f f |p Can circulate  |a CAVAL  |b CAVAL  |c CAVAL  |d CARM 1 Store  |e B07813  |f A1:AP25A0  |h Other scheme  |i book  |m 0349767